WWE Trivia 3 - Statistics

General Stats
  • This quiz has been taken 233 times
    217 since last reset
  • The average score is 15 of 37
Answer Stats
Hint Answer % Correct
Whose finishing move is the 619? Rey Mysterio Jr.
85%
What country is Cesaro from? Switzerland
77%
Edge
76%
What faction was lead by "Bad News" Barrett? Nexus
73%
What year saw the first episode of Smackdown? 1999
70%
Who was in charge of ECW? Paul Heyman
70%
What year was the WWE Network launched? 2014
68%
Christian
68%
Who was the first NXT champion? Seth Rollins
68%
Whose nickname was "The Masterpiece"? Chris Masters
67%
What kind of match has wrestlers around the outside of the ring ready to throw the participants back inside? Lumberjack Match
64%
Who were the three members of The Brood? Gangrel
55%
What did Layla and Michelle McCool call themselves? LayCool
55%
What is the name of the giant screen that plays entrance videos? Titantron
52%
Who crashed the funeral of Big Show's father? Big Bossman
48%
Who disguised himself as "The Stalker" to psych out The Undertaker? Diamond Dallas Page
46%
What are the Three Demandments of Hulkamania? Say your prayers
40%
What city was ECW based out of? Philadelphia
39%
Who was the first WWE champion? Buddy Rogers
36%
What boxer knocked out Bart Gunn to win the Brawl For All tournament? Butterbean
34%
Who composes the majority of the entrance music for WWE? Jim Johnston
33%
Who was the only person to appear on RAW and Nitro on the same night? Rick Rude
30%
What faction came out to a loud, blaring siren rather than music? Right to Censor
30%
What General Manager was all about "People Power"? John Laurinaitis
29%
Take your vitamins
28%
Who was Doink's mini sidekick? Dink
27%
What was Terri Runnels' name when she managed Goldust? Marlena
25%
Whose controversial boots ended in a sharp point? Iron Shiek
17%
What abstract place is The Undertaker said to be from? Parts Unknown
15%
Besides Dwayne Johnson, what other superstar was called "The Rock"? Don Muraco
14%
What did Al Snow used to write backwards across his forehead? Help Me!
14%
What band accompanied The Oddities to the ring? Insane Clown Posse
14%
Whose entrance music began with the line, "You know you want me"? Sunny
12%
What name was given to the joint promotional efforts of WWE and popular rock stars of the 80's? Rock N' Wrestling Connection
9%
What guest celebrity referred to Summerslam as "Summerfest"? Jeremy Piven
8%
Train every day
8%
What was the name of Jake "The Snake" Roberts second python? Lucifer
0%
No matching quizzes found
Score Distribution
Percent of People with Each Score
Percentile by Number Answered
Your Score History
You have not taken this quiz since the last reset